Experimental Study of Convolutional Neural Network Architecture for Pattern Recognition in Images; Lecture Notes in Networks and Systems; Vol. 1118 : Software Engineering Methods Design and Application

Detaylı Bibliyografya
Parent link:Lecture Notes in Networks and Systems.— .— Cham: Springer
Vol. 1118 : Software Engineering Methods Design and Application.— 2024.— P. 656-667
Yazar: Botygin I. A. Igor Aleksandrovich
Diğer Yazarlar: Sherstnev V. S. Vladislav Stanislavovich, Sherstneva A. I. Anna Igorevna
Özet:Title screen
The choice of optimal tools and instruments of synthesis and modelling of neural network for pattern recognition in images is carried out. A comparative analysis of the results of training a neural network using the open library of machine learning TensorFlow, libraries Keras and NumPy, data sets from the open database MNIST in the recognition of handwritten input has been carried out. The software based on the neural network of the convolutional type by topology is developed, which solves the problems of handwritten numerical symbols recognition. The main design, technological and technical-operational characteristics: accuracy 99.2%, mini-packages - 200 pieces, the ratio of training and training sets - 0.2, the number of epochs - 10. The created software can be used in areas of visual analysis of data of paper documentation of enterprises, where it is necessary to transfer data from paper to electronic form. And also, to serve as a starting point for the development of the core of more powerful software for handwriting recognition, namely, a bunch of digits, symbols (car numbers, postal codes, etc.)
Текстовый файл
AM_Agreement
Dil:İngilizce
Baskı/Yayın Bilgisi: 2024
Konular:
Online Erişim:https://doi.org/10.1007/978-3-031-70285-3_50
Materyal Türü: Elektronik Kitap Bölümü
KOHA link:https://koha.lib.tpu.ru/cgi-bin/koha/opac-detail.pl?biblionumber=680012

MARC

LEADER 00000naa0a2200000 4500
001 680012
005 20250429162945.0
090 |a 680012 
100 |a 20250429d2024 k||y0rusy50 ba 
101 0 |a eng 
102 |a CH 
135 |a drcn ---uucaa 
181 0 |a i   |b  e  
182 0 |a b 
183 0 |a cr  |2 RDAcarrier 
200 1 |a Experimental Study of Convolutional Neural Network Architecture for Pattern Recognition in Images  |f Igor Botygin, Vladislav Sherstnev, Anna Sherstneva 
203 |a Текст  |c электронный  |b визуальный 
283 |a online_resource  |2 RDAcarrier 
300 |a Title screen 
320 |a References: 25 tit 
330 |a The choice of optimal tools and instruments of synthesis and modelling of neural network for pattern recognition in images is carried out. A comparative analysis of the results of training a neural network using the open library of machine learning TensorFlow, libraries Keras and NumPy, data sets from the open database MNIST in the recognition of handwritten input has been carried out. The software based on the neural network of the convolutional type by topology is developed, which solves the problems of handwritten numerical symbols recognition. The main design, technological and technical-operational characteristics: accuracy 99.2%, mini-packages - 200 pieces, the ratio of training and training sets - 0.2, the number of epochs - 10. The created software can be used in areas of visual analysis of data of paper documentation of enterprises, where it is necessary to transfer data from paper to electronic form. And also, to serve as a starting point for the development of the core of more powerful software for handwriting recognition, namely, a bunch of digits, symbols (car numbers, postal codes, etc.) 
336 |a Текстовый файл 
371 0 |a AM_Agreement 
461 1 |t Lecture Notes in Networks and Systems  |c Cham  |n Springer 
463 1 |t Vol. 1118 : Software Engineering Methods Design and Application  |o Proceedings of 13th Computer Science Online Conference 2024 (CSOC 2024)  |i Vol. 1  |v P. 656-667  |d 2024  |y 978-3-031-70285-3  |y 978-3-031-70284-6 
610 1 |a Neural Network 
610 1 |a Convolutional Layer 
610 1 |a Image Recognition 
610 1 |a Overfitting 
610 1 |a Underfitting 
610 1 |a электронный ресурс 
610 1 |a труды учёных ТПУ 
700 1 |a Botygin  |b I. A.  |c specialist in the field of Informatics and computer engineering  |c Associate Professor of Tomsk Polytechnic University, candidate of technical sciences  |f 1947-  |g Igor Aleksandrovich  |9 17356 
701 1 |a Sherstnev  |b V. S.  |c specialist in the field of Informatics and computer engineering  |c associate Professor of Tomsk Polytechnic University, candidate of technical Sciences  |f 1974-  |g Vladislav Stanislavovich  |9 17137 
701 1 |a Sherstneva  |b A. I.  |c mathematician  |c associate Professor of Tomsk Polytechnic University, candidate of physico-mathematical Sciences  |f 1974-  |g Anna Igorevna  |9 18721 
801 0 |a RU  |b 63413507  |c 20250429  |g RCR 
850 |a 63413507 
856 4 |u https://doi.org/10.1007/978-3-031-70285-3_50  |z https://doi.org/10.1007/978-3-031-70285-3_50 
942 |c CF